Classical electricity and magnetism (Record no. 16303)

000 -LEADER
fixed length control field 00599nam a22002051 4500
001 - CONTROL NUMBER
control field 16303
003 - CONTROL NUMBER IDENTIFIER
control field BD-DhUET
008 - FIXED-LENGTH DATA ELEMENTS--GENERAL INFORMATION
fixed length control field 850122s1962 maua b 000 0 eng
040 ## - CATALOGING SOURCE
Original cataloging agency DLC/ICU
Transcribing agency ICU
Modifying agency BD-DhUET
082 00 - DEWEY DECIMAL CLASSIFICATION NUMBER
Classification number 537
Item number PAN/1962
100 1# - MAIN ENTRY--PERSONAL NAME
Personal name Panofsky, Wolfgang K. H.
245 10 - TITLE STATEMENT
Title Classical electricity and magnetism
Statement of responsibility, etc. by Wolfgang K. H. Panofsky and Melba Phillips
250 ## - EDITION STATEMENT
Edition statement 2nd ed.
260 ## - PUBLICATION, DISTRIBUTION, ETC. (IMPRINT)
Place of publication, distribution, etc. Reading
Name of publisher, distributor, etc. Addison-Wesley Publishing
Date of publication, distribution, etc. 1962
300 ## - PHYSICAL DESCRIPTION
Extent 494 p.
Other physical details ill.
Dimensions 24 cm.
504 ## - BIBLIOGRAPHY, ETC. NOTE
Bibliography, etc Includes bibliographies
650 #0 - SUBJECT ADDED ENTRY--TOPICAL TERM
Topical term or geographic name as entry element Electricity
700 ## - ADDED ENTRY--PERSONAL NAME
Personal name Phillips, Melba
942 ## - ADDED ENTRY ELEMENTS (KOHA)
Koha item type General Book
Holdings
Price effective from Damaged status Withdrawn status Koha full call number Location (home branch) Source of classification or shelving scheme Not for loan Koha normalized classification for sorting Date acquired Piece designation (barcode) Shelving location Koha item type Sublocation or collection (holding branch) Koha date last seen Lost status Copy number
2015-03-19  537/PAN/1962Central Library, BUET  537_000000000000000_PAN_19622015-03-194476Circulation sectionGeneral BookCentral Library, BUET2015-03-19 1